00999ngm a2200313 4500003000400000005001600004007000500020008004100025010002000066024002300086035002000109040001300129082001400142245006000156260003200216300005100248440003200299500003600331500007000367538004900437538007900486650001900565700001700584700002200601700001900623700001700642700001000659700001600669dpl2010031500320.0DVD ||||||sp199 xxu|||||c ||| 00| 0 ng d  aDVD-006706-6710 c49.00aSHE 2086 F2 aDVD-006706-6710 aDPLcDPL aDVD NADA aNadancNavarattan Film Presentsh[videorecording] VCD/ bShemaroo Home Entertainment a2 videodisc VCD; bsd., col. ;c4 3/4 in.fVCD aShemaroo Home Entertainment aMastered From The Original Film aThis Title in Completed with 2 Disc. Not to be sold individually. aDolby Digital 5.1 - Hindi Subtitles: English aNTSC Format-All Regions, 16x9 Anamorphic (2:23.1 Aspect Ratio), Dual Layer aMotion Picture aVerma, Devan aShankar Jaikishan aNischol, Navin aParekh, Asha aHelen aPuri, Madan